| 000 | 00491pab a2200169 454500 | ||
|---|---|---|---|
| 008 | 180718b2006 xxu||||| |||| 00| 0 eng d | ||
| 100 | _aBaum, Scott et al. | ||
| 245 | _aAdvantage and disadvantage across Australia's extended metropolitan regions: a typology of socioeconomic outcomes | ||
| 260 | _c2006 | ||
| 300 | _ap.1549-579. | ||
| 362 | _aAug | ||
| 650 | _aUrban development - Australia | ||
| 650 | _aUrban development | ||
| 773 | _aUrban Studies | ||
| 908 | _aN | ||
| 909 | _a74990 | ||
| 999 |
_c74990 _d74990 |
||